| 000 | 00523nam a2200181Ia 4500 | ||
|---|---|---|---|
| 003 | OSt | ||
| 005 | 20260105163741.0 | ||
| 008 | 210210b1958 xxu||||| |||| 00| 0 eng d | ||
| 040 | _cAL | ||
| 041 | _aKannada | ||
| 082 | _a859/1595 | ||
| 100 |
_aRAMASVAMI AYYANGARA (B S) _9155996 _d ರಾಮಸ್ವಾಮಿ ಅಯ್ಯಂಗಾರ (ಬಿ ಎಸ್ ). |
||
| 245 |
_aSaudamini: _bಸೌದಾಮಿನಿ |
||
| 260 |
_aBengaluru _b- _c1958 |
||
| 690 |
_aKannada Fiction _9155997 |
||
| 906 | _a022322 | ||
| 942 |
_2ddc _cBK |
||
| 999 |
_c146622 _d146622 |
||